Mixed Word: Growing I Words Quiz Stats

 Plays Quiz Updated Feb 27, 2012

Support Sporcle.
Go Orange.
Score 0/13 Timer 03:00
0 Plays Today
Scramble Word % Correct
FIIF
99.9%
CEIICE
99.7%
DEIAIDEA
97%
GOLIOIGLOO
89.6%
ILAITCITALIC
80.2%
TIMEMEDIAIMMEDIATE
62.8%
SIMPLEUIMPULSE
55.4%
SONULILIILLUSION
51.1%
AGANTIIOMINIMAGINATION
39.1%
EPPRRNAIAIOPTINAPPROPRIATE
31.9%
EGMAITILLTIEILLEGITIMATE
27.1%
TACIINNEREINCINERATE
26.3%
CAIFIDEINTINOTIDENTIFICATION
25.6%

You're not logged in!

Compare scores with friends on all Sporcle quizzes.
OR
Log In

From the Vault

US States by 3 Letters on a Map

by goc3

What's the three letter combo that will get the most states at once? There's your challenge.
Remove Ads.
Support Sporcle.
Get the best of Sporcle when you Go Orange. This ad-free experience offers more features, more stats, and more fun while also helping to support Sporcle. Thank you for becoming a member.

Show Comments

Extras

Top Quizzes Today


Score Distribution

Your Account Isn't Verified!

In order to create a playlist on Sporcle, you need to verify the email address you used during registration. Go to your Sporcle Settings to finish the process.

Report this User

Report this user for behavior that violates our Community Guidelines.

Details: